000 00770aam a2200313 4500
005 20161116194448.0
008 150407b xxu||||| |||| 00| 0 spa d
041 _aspa
082 _a1.4.18 D321c
100 _aDegroff, Dale
_95251
245 _aCocteles Esenciales
260 _aEspaña
260 _bDRAC
260 _c2008
300 _a272 páginas
650 _aCOCTELES
_91736
650 _aCOCTELES CLASICOS MODERNOS
_95252
650 _aMARTINIS
_95253
650 _aSOURS
_95254
650 _aLANG DRINKS
_95255
650 _aTROPICALES
_95256
650 _aPONCHES
_95257
650 _aDULCES
_95258
650 _aRECETAS BASICAS
_95259
650 _aADORNOS
_95260
650 _aCRITALERIA
_95261
650 _aUTENSILIOS
_95262
942 _cBK
999 _c4277
_d4277